000 00373nam a2200133Ia 4500
005 20260328101443.0
008 260328s9999||||xx |||||||||||||| ||und||
100 _aRodríguez Viqueira, Manuel
245 0 _aIntroducción a la Arquitectura Bioclimática /
_cManuel Rodríguez Viqueira
260 _bLimusa
300 _a204 p.
650 _aARQUITECTURA Y CLIMA
942 _cBK
999 _c8335
_d8335